Adhrishya murivukal(അദൃശ്യമുറിവുകൾ) (Record no. 115379)

MARC details
000 -LEADER
fixed length control field 00259 a2200097 4500
020 ## - INTERNATIONAL STANDARD BOOK NUMBER
International Standard Book Number 9788198072207
100 ## - MAIN ENTRY--PERSONAL NAME
Personal name Vishnulal Sudha
245 ## - TITLE STATEMENT
Title Adhrishya murivukal(അദൃശ്യമുറിവുകൾ)
260 ## - PUBLICATION, DISTRIBUTION, ETC. (IMPRINT)
Name of publisher, distributor, etc Mankind Literature
Date of publication, distribution, etc 2024
942 ## - ADDED ENTRY ELEMENTS (KOHA)
Koha item type On order/under processing
Holdings
Withdrawn status Lost status Damaged status Not for loan Home library Current library Date acquired Source of acquisition Cost, normal purchase price Total Checkouts Barcode Date last seen Cost, replacement price Price effective from Koha item type
        University Library University Library 03/03/2026 275 213.34   00097462 03/03/2026 320.00 03/03/2026 On order/under processing
University Library, CUSAT